000 00221nam a2200109Ia 4500
999 _c7946
_d7946
020 _a978-0132359238
100 _aFloyd
245 0 _aDigital Fundamentals
260 _aIndia
_bPearson
_c2013
300 _a248
942 _cBK